| 000 | 00784cam a2200241 a 4500 | ||
|---|---|---|---|
| 001 | 582821 | ||
| 005 | 20250220202115.0 | ||
| 008 | 900911s1991 ilua b 001 0 eng | ||
| 020 | _a0256082677 | ||
| 020 | _a9780256082678 | ||
| 050 | 0 | 0 |
_aHD30.25 _b.B53 1991 |
| 082 | 0 | 0 |
_a658.4/033 _220 |
| 100 | 1 | _aBierman, Harold. | |
| 245 | 1 | 0 |
_aQuantitative analysis for business decisions / _cHarold Bierman, Jr., Charles P. Bonini, Warren H. Hausman. |
| 250 | _a8th ed. | ||
| 260 |
_aHomewood, IL : _bIrwin, _cc1991. |
||
| 300 |
_axx, 742 p. : _bill. (chiefly col.) ; _c24 cm. |
||
| 650 | 0 |
_aIndustrial management _xMathematical models. |
|
| 650 | 0 |
_aDecision making _xMathematical models. |
|
| 700 | 1 | _aBonini, Charles P. | |
| 700 | 1 | _aHausman, Warren H. | |
| 942 |
_2lcc _cBK _e8th Ed. _n0 |
||
| 999 |
_c4002 _d4002 |
||